आक्रमण (२१ व्या शतकातील महाभारत) (Record no. 1086219)

MARC details
000 -LEADER
fixed length control field 00829nam a2200205Ia 4500
008 - FIXED-LENGTH DATA ELEMENTS--GENERAL INFORMATION
fixed length control field 151119s9999||||xx |||||||||||||| ||und||
082 ## - DEWEY DECIMAL CLASSIFICATION NUMBER
Classification number 891.463जाखोटि/आक्रम
082 ## - DEWEY DECIMAL CLASSIFICATION NUMBER
Item number GKKV33926
100 ## - MAIN ENTRY--PERSONAL NAME
Personal name जाखोटिया गिरीश
245 ## - TITLE STATEMENT
Title आक्रमण (२१ व्या शतकातील महाभारत)
260 ## - PUBLICATION, DISTRIBUTION, ETC. (IMPRINT)
Place of publication, distribution, etc औरंगाबाद
260 ## - PUBLICATION, DISTRIBUTION, ETC. (IMPRINT)
Name of publisher, distributor, etc साकेत प्रकाशन
260 ## - PUBLICATION, DISTRIBUTION, ETC. (IMPRINT)
Date of publication, distribution, etc 2014
300 ## - PHYSICAL DESCRIPTION
Extent 440p.
600 ## - SUBJECT ADDED ENTRY--PERSONAL NAME
Personal name जाखोटिया गिरीश
630 ## - SUBJECT ADDED ENTRY--UNIFORM TITLE
Uniform title आक्रमण (२१ व्या शतकातील महाभारत)
700 ## - ADDED ENTRY--PERSONAL NAME
Personal name जाखोटिया गिरीश
730 ## - ADDED ENTRY--UNIFORM TITLE
Uniform title आक्रमण (२१ व्या शतकातील महाभारत)
942 ## - ADDED ENTRY ELEMENTS (KOHA)
Koha item type Book
Holdings
Withdrawn status Lost status Damaged status Not for loan Home library Current library Date acquired Cost, normal purchase price Total Checkouts Full call number Barcode Date last seen Cost, replacement price Price effective from Koha item type
        G.K. Khandekar Vachanalaya, Mulund G.K. Khandekar Vachanalaya, Mulund 10/29/2014 0.00   GKKV33926 GKKV33926 11/19/2015 0.00 11/19/2015 Book